Politológia

Guardado en:
Detalles Bibliográficos
Otros Autores: Futó, Gilbert
Formato: Libro
Lenguaje:eslovaco
Publicado: Bratislava Vydavateľstvo EKONÓM 2017
Edición:1. vydanie
Etiquetas: Agregar Etiqueta
Sin Etiquetas, Sea el primero en etiquetar este registro!

MARC

LEADER 00000nlm a2200000 4500
001 0240053
005 20240822101706.5
020 |a 978-80-225-4417-7 
041 0 |a slo 
044 |a SK 
245 1 0 |a Politológia  |c zostavovateľ: Gilbert Futó 
250 |a 1. vydanie 
264 1 |a Bratislava  |b Vydavateľstvo EKONÓM  |c 2017 
300 |a e-kniha [74 s., 6,34 AH] 
700 1 |a Futó, Gilbert